000 00245nam a22001097a 4500
008 170123b xxu||||| |||| 00| 0 eng d
020 _a0071364226
041 _aeng
080 _a618.2
245 _aSURGERY CLERKSHIP
_cSTEAD, L.G
942 _2udc
_cBK
999 _c3410
_d3410